000 00404nam a22001697a 4500
003 MPLRDC
005 20220104113909.0
008 210129b ||||| |||| 00| 0 eng d
020 _a962-17-0585-1
082 _a848.3 CX v.6
100 _a草雪
245 _a三女一男
_c
260 _a
_b博益出版集团有限公司
_c1989
300 _b
650 _a现代别集
942 _cBK
_o848.3 CX v.6
999 _c3219
_d3209